| 000 | 00771nam a2200217 a 4500 | ||
|---|---|---|---|
| 008 | 951031s1993||||xo 0 slo c | ||
| 020 |
_a8071180750 _c49 Sk |
||
| 040 |
_aSNK _bslo _cSNK _eAACR2 |
||
| 041 | 1 |
_aslo _hger |
|
| 044 |
_axo _cSK |
||
| 080 | _a613.24:616.72-002.77 | ||
| 080 | _a616.72-002.77 | ||
| 100 | 1 |
_aVan Belle, Jeanine _4aut |
|
| 245 | 1 | 0 |
_aDiétou proti reume _bPrirodzená a spoľahlivá metóda, ako sa bez liekov zbaviť reumatických bolestí _cJeanine Van Belle ; Prekl. Gabriel Bianchi |
| 250 | _a[1. vyd.] | ||
| 260 |
_aBratislava _bIkar _c1993 _eBanská Bystrica _fTlačiarne BB, spol. s r.o. |
||
| 300 |
_a82 s., 3,50 AH, 3,63 VH _c24 cm |
||
| 700 | 1 |
_aBianchi, Gabriel _4trl |
|
| 765 | 0 | _tSelber durch Diät vom Rheuma geheilt | |
| 958 | _aAPR | ||
| 999 |
_c19857 _d19857 |
||